| 000 | 00314nam a22001217a 4500 | ||
|---|---|---|---|
| 020 | _a8188429066 | ||
| 082 |
_222 _a629.04 |
||
| 100 | _aSubramanian, K. P. | ||
| 245 | _aTransportation engineering / | ||
| 260 |
_aNew Delhi, _bScitech Publications, _cc2003. |
||
| 300 |
_a5.40 p. ; _bill. ; _c24 cm. |
||
| 942 |
_2ddc _cCIVIL |
||
| 999 |
_c435 _d435 |
||